| 000 | 01160cam a2200313 4500 | ||
|---|---|---|---|
| 008 | 090401t2000 xxu||||| |||| 00| 0 eng d | ||
| 020 | _a0419225900 | ||
| 020 | _a0203477340 | ||
| 035 | _a(Sirsi) u99825 | ||
| 041 | _aeng | ||
| 050 |
_a697 _c18 |
||
| 100 | _aLevermore, Geoff | ||
| 245 |
_aBuilding energy management systems _bapplications to low-energy HVAC and natural ventilation control. |
||
| 250 | _a2nd ed. | ||
| 260 |
_a[S.l.] _bE & F N Spon _c2000 |
||
| 300 |
_axvii, 519p. _c23 cm. |
||
| 350 | _a29.99 | ||
| 520 | _aExplains building energy management systems and the control strategies that can be used with them. The engineering maths necessary for a fundamental understanding is included and explained. | ||
| 650 | _aENERGY MANAGEMENT | ||
| 650 | _aENERGY MANAGEMENT | ||
| 650 | _aVENTILATION | ||
| 650 | _aINFILTRATION | ||
| 650 | _aBUILT ENVIRONMENT-BUILDING ELEMENTS-COMPLETE BUILDING SERVICES ELEMENTS-COMPLETE HEATING, VENTILATION AND AIR CONDITIONING SYSTEMS | ||
| 650 | _aLIGHTING CONTROL | ||
| 650 | _aGREEN BUILDINGS | ||
| 690 | _aBUILDING AND CONSTRUCTION-ENERGY MANAGEMENT | ||
| 942 | _n0 | ||
| 948 | _c13/04/1999 | ||
| 999 |
_c99480 _d99480 |
||